Watching Arthur Delot-Vilain at Chicago Open Made Me Like French People Again
Arthur Delot-Vilain, Anson Berns, Mazin Omer, Rahul Keyal
| AG | 3 | 16.67 | 433% | 133% | 67% |
| AK | 4 | 20.00 | 25% | 150% | 100% |
| AR | 5 | 20.00 | 560% | 200% | 120% |
| AW | 4 | 20.00 | 25% | 125% | 150% |
| AWD | 2 | 20.00 | 50% | 50% | 100% |
| BB | 19 | 15.26 | 274% | 79% | 111% |
| DM | 4 | 20.00 | 75% | 75% | 50% |
| KD | 1 | 20.00 | 100% | 100% | 0% |
| MB | 21 | 17.14 | 119% | 119% | 124% |
| MV | 1 | 10.00 | 100% | 0% | 0% |
| RC | 10 | 17.00 | 310% | 110% | 90% |
| RR | 6 | 16.67 | 217% | 50% | 33% |
| TR | 22 | 15.45 | 255% | 136% | 91% |
| TR> | 1 | 10.00 | 0% | 0% | 200% |
| 1 | 20.00 | 900% | 0% | 300% |